[Event "TUR-chT 1st League"]
[Site "Konya"]
[Date "2018.07.22"]
[Round "9.2"]
[White "Yaver, Faik Emre"]
[Black "Tanriverdi, Enes"]
[Result "1/2-1/2"]
[WhiteElo "2091"]
[BlackElo "2300"]
[PlyCount "112"]
[EventDate "2018.07.16"]
[EventType "team-swiss"]
[EventRounds "9"]
[EventCountry "TUR"]
[SourceTitle "EXT 2019"]
[Source "ChessBase"]
[SourceDate "2018.10.10"]
[SourceVersion "1"]
[SourceVersionDate "2018.10.10"]
[SourceQuality "1"]
[WhiteTeam "Ankara Dernegi"]
[BlackTeam "Ordu Buyuksehir Belediye"]
[WhiteTeamCountry "TUR"]
[BlackTeamCountry "TUR"]

1. e4 c5 2. Nf3 e6 3. d4 cxd4 4. Nxd4 Nc6 5. Nc3 Qc7 6. Be3 a6 7. Be2 Nf6 8. 0-0 Be7 9. f4 d6 10. Kh1 0-0 11. Qe1 Nxd4 12. Bxd4 b5 13. a3 Nd7 14. Qg3 Bf6 15. Bxf6 Nxf6 16. Bd3 Bb7 17. Rae1 d5 18. exd5 Nxd5 19. Ne4 h6 20. f5 Qxg3 21. hxg3 exf5 22. Nc5 Bc6 23. Rxf5 Nf6 24. Kg1 Rfd8 25. Re7 Rdc8 26. b4 a5 27. c4 axb4 28. axb4 Rcb8 29. Rc7 Be8 30. Ne4 Ra1+ 31. Rf1 Rxf1+ 32. Kxf1 Nxe4 33. Bxe4 bxc4 34. Kf2 c3 35. Ke3 f5 36. Bxf5 Rxb4 37. Rxc3 Kf7 38. Be4 Kf6 39. Ra3 Rb6 40. Rc3 Re6 41. Kd4 Bg6 42. Bf3 Rd6+ 43. Ke3 Re6+ 44. Kf2 Be4 45. Ra3 Bxf3 46. gxf3 Rd6 47. f4 Rc6 48. Kf3 Rd6 49. g4 Rc6 50. Rb3 Rd6 51. Ra3 Rb6 52. Rd3 Ra6 53. Rc3 Rb6 54. Kg3 Ra6 55. Kf3 Rb6 56. Kg3 Ra6 1/2-1/2

[Event "TUR-chT 1st League"]
[Site "Konya"]
[Date "2018.07.17"]
[Round "3.1"]
[White "Agdelen, Huseyin Can"]
[Black "Yaver, Faik Emre"]
[Result "1-0"]
[WhiteElo "2276"]
[BlackElo "2091"]
[PlyCount "119"]
[EventDate "2018.07.16"]
[EventType "team-swiss"]
[EventRounds "9"]
[EventCountry "TUR"]
[SourceTitle "EXT 2019"]
[Source "ChessBase"]
[SourceDate "2018.10.10"]
[SourceVersion "1"]
[SourceVersionDate "2018.10.10"]
[SourceQuality "1"]
[WhiteTeam "Tatvan Egitimi"]
[BlackTeam "Ankara Dernegi"]
[WhiteTeamCountry "TUR"]
[BlackTeamCountry "TUR"]

1. e4 e5 2. Nf3 Nc6 3. Bb5 a6 4. Ba4 Nf6 5. 0-0 Be7 6. d3 b5 7. Bb3 d6 8. a4 Bg4 9. c3 0-0 10. h3 Bd7 11. Bc2 Re8 12. Re1 h6 13. Nbd2 Bf8 14. Nf1 d5 15. exd5 Nxd5 16. Bb3 Nf6 17. Ng3 Rb8 18. Be3 Na5 19. Bc2 b4 20. d4 b3 21. Bb1 exd4 22. Qxd4 c5 23. Qd3 Be6 24. Bf4 Rb7 25. Ne4 Qxd3 26. Nxf6+ gxf6 27. Bxd3 c4 28. Be4 Rd7 29. Nd4 Kg7 30. Re3 Bd6 31. Nf5+ Bxf5 32. Bxf5 Rxe3 33. Bxe3 Re7 34. Rd1 Nb7 35. Rd4 h5 36. Rxc4 Re5 37. g4 a5 38. Kg2 Bc5 39. Kf3 Bxe3 40. fxe3 Nd6 41. Rf4 Rc5 42. Bd3 hxg4+ 43. hxg4 Rc6 44. Rd4 Kf8 45. Be4 Rb6 46. Bd5 Ke7 47. e4 Rb8 48. Rd1 Nb7 49. Bxb7 Rxb7 50. Rd5 Rb8 51. Rxa5 Rh8 52. Rb5 Rh3+ 53. Kf4 Rh1 54. Rxb3 Rf1+ 55. Ke3 Rg1 56. a5 Rxg4 57. a6 Rg8 58. a7 Ra8 59. Rb7+ Ke6 60. Kf4 1-0

[Event "TUR Cup										"]
[Site "Antalya"]
[Date "2018.02.02"]
[Round "10"]
[White "Yaver, Faik Emre"]
[Black "Samani, Yamac"]
[Result "1/2-1/2"]
[WhiteElo "2096"]
[BlackElo "2268"]
[PlyCount "34"]
[EventDate "2018.01.27"]
[EventType "swiss"]
[EventRounds "11"]
[EventCountry "TUR"]
[SourceTitle "CBM 182 Extra"]
[Source "ChessBase"]
[SourceDate "2018.02.23"]
[SourceVersion "1"]
[SourceVersionDate "2018.02.23"]
[SourceQuality "1"]

1. e4 e6 2. d4 d5 3. Nc3 Nf6 4. Bd3 c5 5. dxc5 Bxc5 6. exd5 exd5 7. Qe2+ Be7 8. Bg5 0-0 9. Nf3 Nc6 10. h3 Be6 11. 0-0 h6 12. Bf4 d4 13. Nb5 Nd5 14. Qe4 Nf6 15. Qe2 Nd5 16. Qe4 Nf6 17. Qe2 Nd5 1/2-1/2

[Event "TUR-chT 1st League"]
[Site "Konya"]
[Date "2017.07.23"]
[Round "9.6"]
[White "Danaci, Ege"]
[Black "Yaver, Faik Emre"]
[Result "0-1"]
[WhiteElo "1705"]
[BlackElo "2100"]
[PlyCount "92"]
[EventDate "2017.07.17"]
[EventType "team-swiss"]
[EventRounds "9"]
[EventCountry "TUR"]
[SourceTitle "EXT 2018"]
[Source "ChessBase"]
[SourceDate "2017.10.13"]
[SourceVersion "1"]
[SourceVersionDate "2017.10.13"]
[SourceQuality "1"]
[WhiteTeam "Karsiyaka Ihtisas"]
[BlackTeam "Ankara Dernegi"]
[WhiteTeamCountry "TUR"]
[BlackTeamCountry "TUR"]

1. e4 e5 2. Nf3 Nc6 3. Bb5 a6 4. Ba4 Nf6 5. 0-0 Be7 6. Re1 b5 7. Bb3 d6 8. c3 0-0 9. h3 Na5 10. Bc2 c5 11. d4 Qc7 12. Nbd2 cxd4 13. cxd4 Nc6 14. Nf1 exd4 15. Bb3 Qb6 16. Bd5 Bb7 17. Bxc6 Qxc6 18. Nxd4 Qc7 19. Ng3 Rfe8 20. Bf4 Bf8 21. f3 Qb6 22. Be3 d5 23. Nb3 Qc7 24. Bf2 dxe4 25. fxe4 Nxe4 26. Nxe4 Bxe4 27. Rc1 Qf4 28. Qg4 Qxg4 29. hxg4 Bd5 30. Red1 Be6 31. g5 a5 32. Rc7 a4 33. Nc1 Rac8 34. Rxc8 Rxc8 35. a3 Be7 36. Be3 Rc2 37. Nd3 f6 38. gxf6 Bxf6 39. Bc1 Bc4 40. Nb4 Re2 41. Bf4 Bxb2 42. Rd7 Bxa3 43. Nc6 Bc5+ 44. Kh2 Re8 45. Be5 Bf8 46. Ra7 Bd5 0-1

[Event "TUR-chT 1st League"]
[Site "Konya"]
[Date "2017.07.21"]
[Round "7.6"]
[White "Radovanovic, Nikola"]
[Black "Yaver, Faik Emre"]
[Result "1-0"]
[WhiteElo "2399"]
[BlackElo "2100"]
[PlyCount "101"]
[EventDate "2017.07.17"]
[EventType "team-swiss"]
[EventRounds "9"]
[EventCountry "TUR"]
[SourceTitle "CBM 179 Extra"]
[Source "ChessBase"]
[SourceDate "2017.08.23"]
[SourceVersion "1"]
[SourceVersionDate "2017.08.23"]
[SourceQuality "1"]
[WhiteTeam "Callica Burdur"]
[BlackTeam "Ankara Dernegi"]
[WhiteTeamCountry "TUR"]
[BlackTeamCountry "TUR"]

1. Nf3 Nf6 2. c4 e6 3. g3 d5 4. d4 dxc4 5. Bg2 Bb4+ 6. Nc3 0-0 7. 0-0 Nc6 8. Bg5 h6 9. Bxf6 Qxf6 10. e3 Rd8 11. Nd2 Bd7 12. Nxc4 Rab8 13. f4 Na5 14. Ne4 Qe7 15. Nxa5 Bxa5 16. Rc1 Bc6 17. Nc5 Bxg2 18. Kxg2 Bb6 19. Nd3 Qd6 20. Qf3 Qd5 21. b3 Rbc8 22. Rc4 c6 23. Rfc1 Qxf3+ 24. Kxf3 Rc7 25. b4 Rcc8 26. a4 a6 27. Rb1 Rd5 28. Nc5 Rb8 29. Ne4 f6 30. Nc3 Rd7 31. b5 cxb5 32. axb5 Rc7 33. Rxc7 Bxc7 34. Na4 axb5 35. Nc5 Bd6 36. Rxb5 Bxc5 37. dxc5 Rc8 38. Ke4 Rc7 39. Kd4 Kf7 40. e4 Ke8 41. Rb6 Re7 42. e5 f5 43. Rd6 Rd7 44. Kc4 Ke7 45. Kb5 Rc7 46. h4 h5 47. Rd3 Rc6 48. Ra3 Rc7 49. Ra7 g6 50. Kb6 Rc6+ 51. Kxb7 1-0

[Event "TUR-chT2"]
[Site "Konya"]
[Date "2016.07.21"]
[Round "8.3"]
[White "Bal, Enes Emre"]
[Black "Yaver, Faik Emre"]
[Result "1-0"]
[WhiteElo "1974"]
[BlackElo "1988"]
[PlyCount "133"]
[EventDate "2016.07.17"]
[EventType "team-swiss"]
[EventRounds "9"]
[EventCountry "TUR"]
[SourceTitle "CBM 173 Extra"]
[Source "ChessBase"]
[SourceDate "2016.08.29"]
[SourceVersion "1"]
[SourceVersionDate "2016.08.29"]
[SourceQuality "1"]
[WhiteTeam "Karaman Belediye"]
[BlackTeam "Ankara Dernegi"]
[WhiteTeamCountry "TUR"]
[BlackTeamCountry "TUR"]

1. c4 Nf6 2. Nc3 e5 3. g3 g6 4. Bg2 Bg7 5. e4 0-0 6. Nge2 d6 7. d4 Nc6 8. 0-0 exd4 9. Nxd4 Nxd4 10. Qxd4 Ng4 11. Qd2 Ne5 12. b3 Qf6 13. Nd5 Nf3+ 14. Bxf3 Qxf3 15. Qf4 Qxf4 16. Bxf4 Bh3 17. Nxc7 Bxf1 18. Rxf1 Rad8 19. Rd1 Be5 20. Bh6 Bg7 21. Bf4 Rd7 22. Nb5 Re8 23. Rxd6 Rxd6 24. Nxd6 Re7 25. Kg2 Rd7 26. c5 Bd4 27. b4 f6 28. Kf3 g5 29. Be3 Be5 30. Nc4 Bc3 31. a3 Kf7 32. Nd6+ Ke6 33. Nb5 Bb2 34. Nxa7 Bxa3 35. b5 Rd3 36. c6 bxc6 37. bxc6 Kd6 38. Kg4 Rb3 39. e5+ fxe5 40. Kxg5 Bb2 41. Kh6 Bd4 42. Nc8+ Kxc6 43. Ne7+ Kc5 44. Nf5 Bxe3+ 45. fxe3 Rb7 46. g4 Kd5 47. h4 Rb4 48. g5 Ke6 49. Ng7+ Kf7 50. h5 Rg4 51. Nf5 Rg1 52. Nd6+ Ke6 53. Ne4 Kf5 54. Kxh7 Kxe4 55. g6 Kf5 56. g7 e4 57. h6 Ra1 58. g8Q Ra7+ 59. Qg7 Ra6 60. Qf7+ Kg5 61. Qf4+ Kh5 62. Qf5+ Kh4 63. Qxe4+ Kg5 64. Qd5+ Kf6 65. Qd4+ Kg5 66. Qc5+ Kf6 67. e4 1-0

[Event "TUR-chT2"]
[Site "Konya"]
[Date "2016.07.18"]
[Round "2.1"]
[White "Yaver, Faik Emre"]
[Black "Abasov, Nijat Azad"]
[Result "0-1"]
[WhiteElo "1988"]
[BlackElo "2556"]
[PlyCount "118"]
[EventDate "2016.07.17"]
[EventType "team-swiss"]
[EventRounds "9"]
[EventCountry "TUR"]
[SourceTitle "CBM 173 Extra"]
[Source "ChessBase"]
[SourceDate "2016.08.29"]
[SourceVersion "1"]
[SourceVersionDate "2016.08.29"]
[SourceQuality "1"]
[WhiteTeam "Ankara Dernegi"]
[BlackTeam "Canakkale Gokceada"]
[WhiteTeamCountry "TUR"]
[BlackTeamCountry "TUR"]

1. e4 c6 2. d4 d5 3. Nc3 dxe4 4. Nxe4 Nf6 5. Nxf6+ exf6 6. Bc4 Bd6 7. Qe2+ Qe7 8. Qxe7+ Kxe7 9. Ne2 Bf5 10. Bb3 Re8 11. Bf4 Na6 12. 0-0-0 Kd7 13. d5 Bxf4+ 14. Nxf4 Ke7 15. dxc6 bxc6 16. f3 Nc5 17. Bc4 a5 18. g4 Be6 19. Rhe1 Red8 20. Nd3 Nxd3+ 21. Rxd3 Rxd3 22. cxd3 Kd6 23. Kc2 h5 24. h3 hxg4 25. fxg4 Rh8 26. Re3 f5 27. gxf5 Bxf5 28. Rg3 Ke7 29. Kc3 g6 30. b4 a4 31. Kd4 Rxh3 32. Rg2 Rh5 33. Re2+ Be6 34. Bxe6 fxe6 35. Rg2 Rd5+ 36. Ke4 g5 37. Rh2 Rf5 38. a3 Rf1 39. Rg2 Rf4+ 40. Ke5 Rf5+ 41. Ke4 Rf4+ 42. Ke5 Rf5+ 43. Ke4 Kd6 44. Rg1 Rf4+ 45. Ke3 Rf5 46. Rh1 Re5+ 47. Kd4 g4 48. Rg1 Rg5 49. Rg3 e5+ 50. Ke4 Ke6 51. Rg1 g3 52. Rg2 Rg8 53. Ke3 Kd5 54. Ke2 Kd4 55. Kd2 Rg5 56. Ke2 Kc3 57. Ke3 Kb3 58. Kd2 Rg4 59. Rg1 g2 0-1

[Event "TUR-chT"]
[Site "Kocaeli"]
[Date "2015.08.13"]
[Round "11.7"]
[White "Yaver, Faik Emre"]
[Black "Gokerkan, Cem Kaan"]
[Result "1-0"]
[WhiteElo "2006"]
[BlackElo "2205"]
[PlyCount "169"]
[EventDate "2015.08.04"]
[EventType "team-tourn"]
[EventRounds "13"]
[EventCountry "TUR"]
[SourceTitle "CBM 167 Extra"]
[Source "ChessBase"]
[SourceDate "2015.09.14"]
[SourceVersion "1"]
[SourceVersionDate "2015.09.14"]
[SourceQuality "1"]
[WhiteTeam "Ankara Demirspor"]
[BlackTeam "Besiktas Jimnastik"]
[WhiteTeamCountry "TUR"]
[BlackTeamCountry "TUR"]

1. e4 c5 2. Nf3 d6 3. d4 cxd4 4. Nxd4 Nf6 5. Nc3 a6 6. g3 e5 7. Nde2 b5 8. Bg2 Bb7 9. h3 b4 10. Nd5 Nxd5 11. exd5 Be7 12. 0-0 0-0 13. g4 Bg5 14. Ng3 g6 15. a3 a5 16. Bxg5 Qxg5 17. Ne4 Qe7 18. axb4 axb4 19. Rxa8 Bxa8 20. Qd2 f5 21. gxf5 gxf5 22. Ng5 Kh8 23. Ra1 Bb7 24. Ra7 Na6 25. Ne6 Rg8 26. Qh6 Nc5 27. Nxc5 dxc5 28. f3 Rg6 29. Qe3 f4 30. Qe2 Rg7 31. c4 h6 32. Kh1 Qf6 33. Ra5 Rc7 34. Qf2 Ba6 35. Qc2 Bc8 36. Ra8 Kg7 37. Bf1 Bf5 38. Qg2+ Qg5 39. h4 Qxg2+ 40. Kxg2 e4 41. fxe4 Bxe4+ 42. Kf2 Kf6 43. Bh3 Rg7 44. Rf8+ Ke5 45. Re8+ Kd4 46. d6 Bc6 47. Rc8 Bd7 48. Rc7 Ke5 49. Rxd7 Rg3 50. Bg2 Rb3 51. Re7+ Kxd6 52. Re2 Rd3 53. Bd5 Rh3 54. Re6+ Kd7 55. Rxh6 Rb3 56. h5 Rxb2+ 57. Kf3 Rh2 58. Kxf4 b3 59. Kg5 Ke7 60. Rb6 b2 61. h6 Kf8 62. Kg6 Ke7 63. h7 Rh3 64. Rxb2 Rg3+ 65. Kf5 Rh3 66. Rb8 Rxh7 67. Rb7+ Kd6 68. Rb6+ Kd7 69. Rc6 Rh5+ 70. Ke4 Rh4+ 71. Kd3 Rh3+ 72. Kc2 Rh2+ 73. Kb3 Rh3+ 74. Ka4 Rh2 75. Kb5 Rc2 76. Kxc5 Rc1 77. Rh6 Kc7 78. Rh7+ Kb8 79. Kd6 Rg1 80. c5 Rg6+ 81. Be6 Rg1 82. c6 Rd1+ 83. Bd5 Rc1 84. Rh8+ Ka7 85. c7 1-0

[Event "TUR-chT"]
[Site "Kocaeli"]
[Date "2015.08.12"]
[Round "10.7"]
[White "Ozen, Deniz"]
[Black "Yaver, Faik Emre"]
[Result "1-0"]
[WhiteElo "2066"]
[BlackElo "2006"]
[PlyCount "90"]
[EventDate "2015.08.04"]
[EventType "team-tourn"]
[EventRounds "13"]
[EventCountry "TUR"]
[SourceTitle "CBM 167 Extra"]
[Source "ChessBase"]
[SourceDate "2015.09.14"]
[SourceVersion "1"]
[SourceVersionDate "2015.09.14"]
[SourceQuality "1"]
[WhiteTeam "Kayseri Seker"]
[BlackTeam "Ankara Demirspor"]
[WhiteTeamCountry "TUR"]
[BlackTeamCountry "TUR"]

1. e4 e5 2. Nf3 Nc6 3. Bb5 a6 4. Ba4 Nf6 5. d3 d6 6. c3 Be7 7. 0-0 0-0 8. Nbd2 b5 9. Bb3 h6 10. Re1 Re8 11. Nf1 Bf8 12. Ng3 Be6 13. Bxe6 Rxe6 14. d4 Re8 15. h3 Qd7 16. a3 Rad8 17. Qc2 g6 18. Be3 Bg7 19. Rad1 Qc8 20. b4 Nd7 21. d5 Ne7 22. c4 Nb6 23. Nd2 Qb7 24. c5 Na4 25. Nb3 Rf8 26. Na5 Qc8 27. f3 f5 28. Bf2 f4 29. Ne2 g5 30. Nc3 Nxc3 31. Qxc3 Qd7 32. Rc1 Rc8 33. Red1 h5 34. Nc6 Ng6 35. Na7 Rcd8 36. cxd6 cxd6 37. Qc6 Qe7 38. Bb6 Ra8 39. Qc7 Rf7 40. Qxe7 Rxe7 41. Nc6 Rb7 42. Bf2 Kf7 43. Rc3 Bf6 44. Rdc1 Ne7 45. Na5 Rbb8 1-0

[Event "TUR-chT"]
[Site "Kocaeli"]
[Date "2015.08.07"]
[Round "4.4"]
[White "Yaver, Faik Emre"]
[Black "Dedebas, Emre Emin"]
[Result "1/2-1/2"]
[WhiteElo "2006"]
[BlackElo "1975"]
[PlyCount "91"]
[EventDate "2015.08.04"]
[EventType "team-tourn"]
[EventRounds "13"]
[EventCountry "TUR"]
[SourceTitle "CBM 167 Extra"]
[Source "ChessBase"]
[SourceDate "2015.09.14"]
[SourceVersion "1"]
[SourceVersionDate "2015.09.14"]
[SourceQuality "1"]
[WhiteTeam "Ankara Demirspor"]
[BlackTeam "Alyans Satranc"]
[WhiteTeamCountry "TUR"]
[BlackTeamCountry "TUR"]

1. e4 e5 2. Nf3 Nc6 3. Bc4 Bc5 4. c3 Nf6 5. d3 d6 6. Bb3 a6 7. 0-0 Ba7 8. Nbd2 0-0 9. Nc4 h6 10. Be3 Re8 11. Bxa7 Rxa7 12. Ne3 Be6 13. Re1 Ra8 14. h3 Qd7 15. Nh4 d5 16. Bc2 dxe4 17. dxe4 Qxd1 18. Raxd1 Rad8 19. b3 a5 20. Nhf5 Kf8 21. f3 h5 22. g4 g6 23. Ng3 h4 24. Ngf1 Nh7 25. Nd5 Rd7 26. Rd2 Ne7 27. Red1 c6 28. Nb6 Rxd2 29. Rxd2 Nc8 30. Na4 Ke7 31. Nc5 Ng5 32. Kg2 Nd6 33. Ne3 Bc8 34. Na4 Ne6 35. Nb6 Nf4+ 36. Kh2 Be6 37. Ng2 Nxg2 38. Kxg2 Nc8 39. Nxc8+ Rxc8 40. Kf2 Rd8 41. Rxd8 Kxd8 42. Ke3 g5 43. a3 Kc7 44. Kd3 Kb6 45. c4 Ka6 46. Kc3 1/2-1/2

[Event "TUR-chT"]
[Site "Kocaeli"]
[Date "2015.08.06"]
[Round "3.4"]
[White "Karaoglan, Kivanc"]
[Black "Yaver, Faik Emre"]
[Result "0-1"]
[WhiteElo "1981"]
[BlackElo "2006"]
[PlyCount "34"]
[EventDate "2015.08.04"]
[EventType "team-tourn"]
[EventRounds "13"]
[EventCountry "TUR"]
[SourceTitle "CBM 167 Extra"]
[Source "ChessBase"]
[SourceDate "2015.09.14"]
[SourceVersion "1"]
[SourceVersionDate "2015.09.14"]
[SourceQuality "1"]
[WhiteTeam "Kahramanmaras Buyuksehir"]
[BlackTeam "Ankara Demirspor"]
[WhiteTeamCountry "TUR"]
[BlackTeamCountry "TUR"]

1. d4 d5 2. c4 c6 3. Nf3 Nf6 4. Nbd2 Bf5 5. Nh4 Bg4 6. Qc2 e6 7. e3 Ne4 8. Nxe4 dxe4 9. g3 g5 10. Qxe4 Bb4+ 11. Bd2 Qa5 12. Qxg4 Bxd2+ 13. Kd1 gxh4 14. Qg7 Rf8 15. Qxh7 hxg3 16. hxg3 Bb4 17. Bd3 Nd7 0-1

[Event "TUR-chT"]
[Site "Kocaeli"]
[Date "2014.08.25"]
[Round "8.4"]
[White "Altundal, Aram"]
[Black "Yaver, Faik Emre"]
[Result "0-1"]
[WhiteElo "1795"]
[BlackElo "1919"]
[PlyCount "72"]
[EventDate "2014.08.18"]
[EventType "team-tourn"]
[EventRounds "13"]
[EventCountry "TUR"]
[SourceTitle "CBM 162 Extra"]
[Source "ChessBase"]
[SourceDate "2014.10.17"]
[SourceVersion "1"]
[SourceVersionDate "2014.10.17"]
[SourceQuality "1"]
[WhiteTeam "Akdeniz Belediyesi"]
[BlackTeam "Ankara Demirspor"]
[WhiteTeamCountry "TUR"]
[BlackTeamCountry "TUR"]

1. e4 e5 2. Nf3 Nc6 3. Bc4 Bc5 4. c3 Nf6 5. d4 exd4 6. cxd4 Bb4+ 7. Nc3 Nxe4 8. 0-0 Bxc3 9. d5 Ne5 10. bxc3 Nxc4 11. Qd4 0-0 12. Qxe4 Nd6 13. Qd3 Qf6 14. Bg5 Qf5 15. Qxf5 Nxf5 16. g4 Nh6 17. Bxh6 gxh6 18. Nd4 d6 19. f3 Bd7 20. Rfe1 Rfe8 21. Rab1 b6 22. c4 Kg7 23. Kf2 Kf6 24. Kg3 a6 25. f4 h5 26. g5+ Kg6 27. Kh4 h6 28. f5+ Bxf5 29. Rbc1 hxg5+ 30. Kg3 Bd7 31. h4 Rxe1 32. Rxe1 Re8 33. Rxe8 Bxe8 34. Nf3 gxh4+ 35. Kxh4 Kf5 36. Kxh5 Ke4 0-1

[Event "TUR-chT"]
[Site "Kocaeli"]
[Date "2014.08.18"]
[Round "1.6"]
[White "Yaver, Faik Emre"]
[Black "Gokerkan, Cem Kaan"]
[Result "0-1"]
[WhiteElo "1919"]
[BlackElo "2052"]
[PlyCount "74"]
[EventDate "2014.08.18"]
[EventType "team-tourn"]
[EventRounds "13"]
[EventCountry "TUR"]
[SourceTitle "CBM 162 Extra"]
[Source "ChessBase"]
[SourceDate "2014.10.17"]
[SourceVersion "1"]
[SourceVersionDate "2014.10.17"]
[SourceQuality "1"]
[WhiteTeam "Ankara Demirspor"]
[BlackTeam "Besiktas Jimnastik"]
[WhiteTeamCountry "TUR"]
[BlackTeamCountry "TUR"]

1. e4 c5 2. Nf3 d6 3. d4 cxd4 4. Nxd4 Nf6 5. Nc3 a6 6. Be3 e5 7. Nb3 Be6 8. f3 Be7 9. Qd2 Nbd7 10. 0-0-0 b5 11. g4 b4 12. Ne2 0-0 13. g5 Ne8 14. f4 exf4 15. Bxf4 Ne5 16. Ned4 Bg4 17. Re1 a5 18. Rg1 a4 19. Bxe5 axb3 20. Nxb3 Be6 21. Bd4 Rxa2 22. Qxb4 Qa8 23. Bd3 Nc7 24. Bf6 Rb8 25. Qc3 Bf8 26. Kd1 Bxb3 27. cxb3 Ne6 28. Kc2 gxf6 29. gxf6+ Kh8 30. Bc4 Rc8 31. Rg4 Ra1 32. Qg3 Bh6 33. Rxa1 Qxa1 34. Qg1 Qa5 35. Qd1 Qe5 36. Qf1 Bg5 37. Qf5 Nd4+ 0-1